Nguyễn Đình Thi toàn tập T.3 Tiểu thuyết, bút ký
v.v...
Đã lưu trong:
| Tác giả chính: | |
|---|---|
| Định dạng: | Sách |
| Năm xuất bản: |
H.
Văn học
2009
|
| Chủ đề: | |
| Tags: |
Thêm thẻ
Không có thẻ, Hãy là người đầu tiên gắn thẻ bản ghi này!
|
| LEADER | 01110nam a2200205 4500 | ||
|---|---|---|---|
| 082 | |a 895.922334 |b NG527Đ | ||
| 100 | |a Nguyễn Đình Thi | ||
| 245 | |a Nguyễn Đình Thi toàn tập |c Hà Minh Đức giới thiệu; Nguyễn Cừ, Nguyễn Anh Vũ sưu tầm, tuyển chọn; cùng với sự công tác của gia đình nhà văn Nguyễn Đình Thi |n T.3 |p Tiểu thuyết, bút ký | ||
| 260 | |a H. |b Văn học |c 2009 | ||
| 300 | |a 904 tr. |c 21 cm. | ||
| 500 | |a Nội dung: Vỡ bờ: Q.2, Thu đông năm nay, Trên sóng thời gian | ||
| 520 | |a v.v... | ||
| 653 | |a Văn học hiện đại | ||
| 653 | |a Việt Nam | ||
| 653 | |a Tiểu thuyết | ||
| 653 | |a Bút ký | ||
| 942 | |2 ddc |c STK0 | ||
| 999 | |c 1645 |d 1645 | ||
| 952 | |0 0 |1 0 |2 ddc |4 0 |6 895_922334000000000_NG527Đ |7 1 |8 800 |9 27775 |a qbu |b qbu |c D5 |d 2014-12-09 |g 180 |o 895.922334 NG527Đ |p 1051.c1 |r 0000-00-00 |w 2014-12-09 |y STK0 |0 0 |6 895_922334000000000_NG527Đ | ||
| 952 | |0 0 |1 0 |2 ddc |4 0 |6 895_922334000000000_NG527Đ |7 0 |8 800 |9 27776 |a qbu |b qbu |c D5 |d 2014-12-09 |g 180 |l 1 |o 895.922334 NG527Đ |p 1051.c2 |r 2015-01-19 |s 2015-01-13 |w 2014-12-09 |y STK0 |0 0 |6 895_922334000000000_NG527Đ | ||